000 00524nam a2200169Ia 4500
008 090711s9999 xx 000 0 und d
082 _b77582
100 _aमांडरे सूर्यकांत
245 _aविश्वकर्मा
260 _c1995
300 _a199
600 _aमांडरे सूर्यकांत
630 _aविश्वकर्मा
700 _aमांडरे सूर्यकांत
730 _aविश्वकर्मा
942 _cBOOK
999 _c317981
_d317981